| 000 -LEADER |
| fixed length control field |
01269nam a2200229 a 4500 |
| 003 - CONTROL NUMBER IDENTIFIER |
| control field |
AR-BaISA |
| 005 - DATE AND TIME OF LATEST TRANSACTION |
| control field |
20250131172500.0 |
| 007 - PHYSICAL DESCRIPTION FIXED FIELD--GENERAL INFORMATION |
| fixed length control field |
ta |
| 008 - FIXED-LENGTH DATA ELEMENTS--GENERAL INFORMATION |
| fixed length control field |
250131s2022 ag ||||f |||| 000 0 spa d |
| 020 ## - INTERNATIONAL STANDARD BOOK NUMBER |
| International Standard Book Number |
9789876939249 |
| 040 ## - CATALOGING SOURCE |
| Language of cataloging |
spa |
| Transcribing agency |
AR-BaISA |
| 082 04 - DEWEY DECIMAL CLASSIFICATION NUMBER |
| Edition number |
22 |
| Classification number |
320.82 So71 |
| 100 ## - MAIN ENTRY--PERSONAL NAME |
| 9 (RLIN) |
3553 |
| Personal name |
Sosa, Daniel Víctor |
| Relator term |
aut. |
| 245 13 - TITLE STATEMENT |
| Title |
El monstruo y la fiesta: |
| Remainder of title |
barricadas peronistas y opositoras allá lejos y hace tiempo / |
| Statement of responsibility, etc. |
Daniel Víctor Sosa |
| 260 ## - PUBLICATION, DISTRIBUTION, ETC. |
| Place of publication, distribution, etc. |
Buenos Aires: |
| Name of publisher, distributor, etc. |
Ciccus, |
| Date of publication, distribution, etc. |
2022 |
| 300 ## - PHYSICAL DESCRIPTION |
| Extent |
206 p. |
| 504 ## - BIBLIOGRAPHY, ETC. NOTE |
| Bibliography, etc. note |
Bibliografía p.: 202-206 |
| 505 ## - FORMATTED CONTENTS NOTE |
| Title |
La luz del sol -- |
| -- |
Mundo de sombras -- |
| -- |
Un barco al mando de un loco -- |
| -- |
Todos culpables -- |
| -- |
El nacimiento -- |
| -- |
Primero la Libertad -- |
| -- |
Algo grande -- |
| -- |
Demócratas unidos -- |
| -- |
Esperanzas y desengaños -- |
| -- |
¿Años felices o de pesadilla? -- |
| -- |
La lucha continúa -- |
| -- |
Casi una década -- |
| -- |
Del estilo a la leyenda -- |
| -- |
Oligarcas y descamisados -- |
| -- |
Los dos males -- |
| -- |
Uniformes y sotanas -- |
| -- |
Peroratas incendiarias -- |
| -- |
La ilusión cómica -- |
| -- |
La voz del pueblo -- |
| -- |
Incendios y fusilamientos -- |
| -- |
Relatos desmesurados -- |
| -- |
Razones y emociones -- |
| -- |
Legados contrapuestos |
| 600 14 - SUBJECT ADDED ENTRY--PERSONAL NAME |
| 9 (RLIN) |
1909 |
| Personal name |
Perón, Juan Domingo |
| 650 14 - SUBJECT ADDED ENTRY--TOPICAL TERM |
| 9 (RLIN) |
3554 |
| Topical term or geographic name entry element |
Doctrina política |
| Geographic subdivision |
Argentina |
| 942 ## - ADDED ENTRY ELEMENTS (KOHA) |
| Source of classification or shelving scheme |
|
| Koha item type |
Libros |
| Edition |
22 |